[Event "Netanya International GM 2019"]
[Site "Netanya"]
[Date "2019.06.23"]
[Round "1.1"]
[White "Gelfand, Boris"]
[Black "Dubov, Daniil"]
[Result "1/2-1/2"]
[WhiteElo "2676"]
[BlackElo "2700"]
[Annotator "TA"]
[PlyCount "42"]
[EventDate "2019.06.23"]
[EventType "tourn"]
[EventCountry "ISR"]
[SourceTitle "playchess.com"]
[Source "ChessBase"]
[SourceQuality "1"]

{[%evp 13,42,22,19,12,13,18,14,16,15,34,16,0,0,0,0,0,0,0,0,0,16,-24,0,0,8,0,0,0,0,0,0]} 1. Nf3 d5 2. g3 Nf6 3. Bg2 e6 4. O-O Be7 5. c4 O-O 6. d4 dxc4 7. Qc2 b5 8. a4 {E05: Open Catalan: 5 Nf3 Be7} b4 9. Nfd2 c6 10. Nxc4 Qxd4 11. Rd1 Qc5 12. Nbd2 Ba6 13. b3 Nbd7 14. Bb2 Rad8 ({Don't go for} 14... Ng4 $2 15. Ne4 $18) 15. Rac1 {[#]} Nb8 $146 ({Predecessor:} 15... Nb6) 16. e3 Qh5 17. Nf3 c5 18. Nfe5 {The position is equal.} Ng4 19. Nxg4 Qxg4 20. Ne5 Qe2 {[#] ...Qxc2 is the strong threat.} 21. Qb1 $1 {And now Bf3 would win.} Qh5 $1 {Accuracy: White = 79%, Black = 89%.} 1/2-1/2

[Event "Netanya International GM 2019"]
[Site "Netanya"]
[Date "2019.06.23"]
[Round "1.2"]
[White "Svidler, Peter"]
[Black "Dominguez Perez, Leinier"]
[Result "1/2-1/2"]
[WhiteElo "2737"]
[BlackElo "2760"]
[Annotator "TA"]
[PlyCount "38"]
[EventDate "2019.06.23"]
[EventType "tourn"]
[EventCountry "ISR"]
[SourceTitle "playchess.com"]
[Source "ChessBase"]
[SourceQuality "1"]

{[%evp 14,38,0,0,0,0,0,0,0,0,0,0,11,0,0,0,0,0,0,0,0,0,0,0,0,0,0]} 1. Nf3 d5 2. g3 Nf6 3. Bg2 e6 4. O-O Be7 5. b3 O-O 6. Bb2 c5 7. e3 Nc6 8. d4 {The position is equal.} cxd4 {D02: 1 d4 d5 2 Nf3 sidelines, including 2...Nf6 3 g3 and 2...Nf6 3 Bf4} 9. Nxd4 Bd7 10. Nd2 Rc8 11. c4 Nxd4 12. Bxd4 b5 $146 {[%cal Rb5c4]} ({Predecessor:} 12... Bc6 13. Rc1 dxc4 14. Rxc4 Bxg2 15. Kxg2 b5 16. Rxc8 Qxc8 17. Bxf6 Bxf6 {1-0 (34) Vachier Lagrave,M (2779)-Dominguez Perez,L (2739) chess.com INT 2018}) 13. cxd5 Nxd5 14. Bxd5 exd5 15. Qh5 Be6 16. Qe5 {[%csl Gd4][%cal Re5g7] [#]} Bf6 17. Qf4 Bg5 18. Qe5 {[%csl Gd4][%cal Re5g7]} Bf6 19. Qf4 Bg5 1/2-1/2

[Event "Netanya International GM 2019"]
[Site "Netanya"]
[Date "2019.06.23"]
[Round "1.3"]
[White "Rodshtein, Maxim"]
[Black "McShane, Luke J"]
[Result "0-1"]
[WhiteElo "2685"]
[BlackElo "2688"]
[Annotator "TA"]
[PlyCount "62"]
[EventDate "2019.06.23"]
[EventType "tourn"]
[EventCountry "ISR"]
[SourceTitle "playchess.com"]
[Source "ChessBase"]
[SourceQuality "1"]

{[%evp 15,62,14,25,23,10,-18,0,0,0,-10,0,0,8,4,0,0,3,15,23,0,19,14,45,0,0,0,0,0,0,0,26,0,0,0,0,-11,-8,-34,-7,-9,0,-314,0,0,0,-10,0,-681,-662]} 1. c4 Nf6 2. Nc3 e5 3. Nf3 Nc6 4. g3 g6 5. Bg2 Bg7 6. d4 exd4 7. Nxd4 O-O 8. Nc2 d6 9. O-O {A29: English Opening: Four Knights Variation with 4 g3} Re8 10. h3 (10. Qd2 a5 11. b3 Nb4 12. Bb2 Nxc2 13. Qxc2 Bf5 14. Qc1 c6 15. Qd2 Ne4 16. Nxe4 Bxb2 17. Qxb2 Bxe4 {½-½ (36) Matlakov,M (2700)-Artemiev,V (2709) St Petersburg 2018}) 10... a5 11. Ne3 $146 {The position is equal.} ({Predecessor:} 11. Be3 Bf5 12. Nd4 Be4 13. Nxe4 Nxe4 14. Nxc6 bxc6 15. Bd4 Rb8 16. Bxg7 Kxg7 17. Qc2 {0-1 (63) Taimanov,M (2490)-Bacrot,E (2565) Cannes 1998}) 11... Bd7 12. Bd2 Nd4 13. Ned5 Nxd5 14. cxd5 c5 15. dxc6 bxc6 16. Rc1 d5 17. Re1 h5 18. e4 Be6 19. b3 dxe4 20. Nxe4 {And now Bg5 would win.} Bd5 21. Bc3 Qb6 22. Qd2 Red8 {[#] ...Bxe4 is the strong threat.} 23. Qf4 {Threatens to win with Nf6+.} (23. Qg5 $5 {[%cal Re4f6]} Bxe4 24. Bxe4 $14 (24. Rxe4 c5 $11)) 23... c5 24. Ng5 Qb7 25. Bxd4 Bxd4 26. Be4 Ra6 {[#] White must now prevent ...Rf6.} 27. Bxd5 Rxd5 28. Re8+ Kg7 29. Qe4 $1 {aiming for Re7.} Rf6 30. Rc2 Qd7 31. Re7 $2 {[%mdl 8192]} (31. h4 $11) 31... Qd6 {Accuracy: White = 50%, Black = 45%.} 0-1

[Event "Netanya International GM 2019"]
[Site "Netanya"]
[Date "2019.06.23"]
[Round "1.4"]
[White "Eljanov, Pavel"]
[Black "Postny, Evgeny"]
[Result "1/2-1/2"]
[WhiteElo "2655"]
[BlackElo "2601"]
[Annotator "TA"]
[PlyCount "75"]
[EventDate "2019.06.23"]
[EventType "tourn"]
[EventCountry "ISR"]
[SourceTitle "playchess.com"]
[Source "ChessBase"]
[SourceQuality "1"]

{[%evp 12,75,22,19,30,16,17,14,25,21,34,26,35,6,10,12,10,14,14,-10,31,14,42,34,39,45,74,49,62,32,104,8,41,30,43,9,37,17,21,27,17,7,0,11,47,-6,18,0,3,0,23,8,17,18,16,14,41,21,21,25,18,22,60,18,20,11]} 1. e4 e5 2. Nf3 Nc6 3. Bb5 a6 4. Ba4 Nf6 5. d3 d6 6. c3 g6 7. h3 Bg7 {C77: Ruy Lopez: 3...a6 4 Ba4 Nf6, unusual lines} 8. Be3 O-O 9. O-O Bd7 10. Nbd2 Re8 11. a3 $146 ({Predecessor:} 11. Re1 h6 12. Nf1 d5 13. Ng3 b5 14. Bc2 Rb8 15. Qd2 {½-½ (41) Jakovenko,D (2748)-Tomashevsky,E (2702) Satka 2018}) 11... Qe7 12. b4 Nd8 13. Bb3 Ne6 14. Re1 Nh5 15. Nf1 Kh8 16. d4 Rad8 17. Qc2 Nhf4 18. h4 Bc8 19. Rad1 (19. g3 {is interesting.} Nh3+ 20. Kg2 c5 21. dxc5 dxc5 22. Red1) 19... Nh5 20. Qc1 c6 ({Better is} 20... Nef4 $14) 21. Bh6 (21. dxe5 $16 {Threatens to win with g4.} dxe5 22. Bb6) 21... Qc7 (21... Nef4 $5 {[%cal Rg7h6]} 22. Bxg7+ Kxg7 $11) 22. Bxg7+ Kxg7 23. Qb2 Kg8 24. Rd2 Nf6 25. g3 Nf8 26. Bc2 Bg4 27. N1h2 Bc8 28. Bb1 (28. dxe5 $14 dxe5 29. Rxd8 Qxd8 30. c4) 28... b6 29. Nf1 Bg4 30. N3h2 Bc8 31. c4 c5 32. bxc5 bxc5 33. d5 Ng4 34. Nxg4 Bxg4 35. Qc3 Rb8 36. Bc2 Bd7 37. Ne3 Qd8 38. Rdd1 {Accuracy: White = 42%, Black = 43%.} 1/2-1/2

[Event "Netanya International GM 2019"]
[Site "Netanya"]
[Date "2019.06.23"]
[Round "1.5"]
[White "Nabaty, Tamir"]
[Black "Smirin, Ilia"]
[Result "1/2-1/2"]
[WhiteElo "2678"]
[BlackElo "2594"]
[Annotator "ChessBase"]
[PlyCount "152"]
[EventDate "2019.06.23"]
[EventType "tourn"]
[EventCountry "ISR"]
[SourceTitle "playchess.com"]
[Source "ChessBase"]
[SourceQuality "1"]
[TimeControl "40/5400+30:1800+30"]

1. d4 {[%emt 0:00:00]} Nf6 {[%emt 0:00:00]} 2. Nf3 {[%emt 0:00:00]} g6 {[%emt 0:00:22]} 3. Nbd2 {[%emt 0:00:00]} Bg7 {[%emt 0:00:59]} 4. e4 {[%emt 0:00:06]} d6 {[%emt 0:00:04]} 5. Bb5+ {[%emt 0:00:10]} c6 {[%emt 0:00:14]} 6. Bd3 {[%emt 0:00:11]} O-O {[%emt 0:00:38]} 7. O-O {[%emt 0:00:12]} c5 {[%emt 0:00:16]} 8. dxc5 {[%emt 0:00:26]} dxc5 {[%emt 0:00:06]} 9. a4 {[%emt 0:00:15]} Nc6 {[%emt 0:01:02]} 10. Re1 {[%emt 0:00:32]} Ng4 {[%emt 0:03:03]} 11. Nc4 {[%emt 0:03:21]} Nb4 {[%emt 0:05:59]} 12. h3 {[%emt 0:03:29]} Nxd3 {[%emt 0:01:08]} 13. cxd3 {[%emt 0:02:30]} Nf6 {[%emt 0:00:14]} 14. Be3 {[%emt 0:01:03]} b6 {[%emt 0:01:21]} 15. a5 {[%emt 0:03:11]} Ba6 {[%emt 0:01:24]} 16. Nce5 {[%emt 0:12:43]} Nd7 {[%emt 0:07:35]} 17. Nc6 {[%emt 0:05:14]} Qe8 {[%emt 0:00:24]} 18. Bg5 {[%emt 0:09:23]} f6 {[%emt 0:11:47]} 19. axb6 {[%emt 0:01:26]} axb6 {[%emt 0:01:41]} 20. Qb3+ {[%emt 0:07:55]} c4 {[%emt 0:07:00]} 21. Qb4 {[%emt 0:01:56]} e6 {[%emt 0:07:19]} 22. Be3 {[%emt 0:06:55]} cxd3 {[%emt 0:00:13]} 23. Bxb6 {[%emt 0:02:49]} Rf7 {[%emt 0:03:22]} 24. Be3 {[%emt 0:03:22]} Bf8 {[%emt 0:01:52]} 25. Qc3 {[%emt 0:01:56]} Bb7 {[%emt 0:05:52]} 26. Rxa8 {[%emt 0:00:51]} Qxa8 {[%emt 0:03:07]} 27. Rc1 {[%emt 0:00:47]} Bc5 {[%emt 0:07:39]} 28. Bxc5 {[%emt 0:16:31]} Bxc6 {[%emt 0:01:40]} 29. Be3 {[%emt 0:00:17]} Bxe4 {[%emt 0:01:04]} 30. Ne1 {[%emt 0:01:03]} Ne5 {[%emt 0:02:19]} 31. f3 {[%emt 0:00:45]} Bd5 {[%emt 0:03:34]} 32. Bd4 {[%emt 0:05:23]} Qb8 {[%emt 0:02:26]} 33. Bxe5 {[%emt 0:04:19]} Qxe5 {[%emt 0:00:21]} 34. Qxe5 {[%emt 0:02:06]} fxe5 {[%emt 0:00:00]} 35. Nxd3 {[%emt 0:00:35]} e4 {[%emt 0:00:52]} 36. fxe4 {[%emt 0:01:58]} Bxe4 {[%emt 0:00:11]} 37. Nc5 {[%emt 0:03:14]} Bd5 {[%emt 0:01:01]} 38. b4 {[%emt 0:00:59]} Rf4 {[%emt 0:02:41]} 39. Rb1 {[%emt 0:00:31]} Rd4 {[%emt 0:09:59]} 40. Rb2 {[%emt 0:00:00]} Kf7 {[%emt 0:00:00]} 41. b5 {[%emt 0:04:10]} Rc4 {[%emt 0:03:25]} 42. Nd3 {[%emt 0:01:18]} Rd4 {[%emt 0:03:56]} 43. Ne5+ {[%emt 0:01:13]} Kf6 {[%emt 0:10:23]} 44. Ng4+ {[%emt 0:02:05]} Ke7 {[%emt 0:01:19]} 45. b6 {[%emt 0:00:46]} Bb7 {[%emt 0:00:08]} 46. Rc2 {[%emt 0:01:16]} Kd6 {[%emt 0:04:01]} 47. Rc7 {[%emt 0:03:42]} Bc6 {[%emt 0:08:31]} 48. Rxh7 {[%emt 0:01:08]} Rd1+ {[%emt 0:00:10]} 49. Kh2 {[%emt 0:01:01]} Rd2 {[%emt 0:03:36]} 50. Ne3 {[%emt 0:00:07]} Re2 {[%emt 0:03:54]} 51. b7 {[%emt 0:00:21]} Bxb7 {[%emt 0:00:03]} 52. Rxb7 {[%emt 0:03:50]} Rxe3 {[%emt 0:00:04]} 53. Rg7 {[%emt 0:00:08]} e5 {[%emt 0:01:30]} 54. Rxg6+ {[%emt 0:00:35]} Kd5 {[%emt 0:00:03]} 55. h4 {[%emt 0:00:52]} Re4 {[%emt 0:01:12]} 56. g4 {[%emt 0:03:51]} Re2+ {[%emt 0:00:40]} 57. Kg3 {[%emt 0:00:04]} Re3+ {[%emt 0:00:06]} 58. Kg2 {[%emt 0:00:32]} Re2+ {[%emt 0:01:15]} 59. Kf3 {[%emt 0:00:13]} Rh2 {[%emt 0:00:14]} 60. h5 {[%emt 0:01:33]} e4+ {[%emt 0:00:15]} 61. Kg3 {[%emt 0:01:37]} e3 {[%emt 0:02:15]} 62. Rg8 {[%emt 0:03:50]} Rh1 {[%emt 0:00:10]} 63. Kf3 {[%emt 0:03:14]} Rh3+ {[%emt 0:02:39]} 64. Kf4 {[%emt 0:00:03]} Kd4 {[%emt 0:00:19]} 65. Re8 {[%emt 0:03:40]} Kd3 {[%emt 0:00:09]} 66. h6 {[%emt 0:00:24]} e2 {[%emt 0:00:22]} 67. g5 {[%emt 0:01:19]} Kd2 {[%emt 0:00:12]} 68. Kf5 {[%emt 0:01:01]} Re3 {[%emt 0:00:00]} 69. Rxe3 {[%emt 0:00:59]} Kxe3 {[%emt 0:00:41]} 70. h7 {[%emt 0:00:04]} e1=Q {[%emt 0:00:04]} 71. h8=Q {[%emt 0:00:06]} Qb1+ {[%emt 0:01:06]} 72. Ke6 {[%emt 0:00:04]} Qb6+ {[%emt 0:01:31]} 73. Kf7 {[%emt 0:00:28]} Qb7+ {[%emt 0:00:24]} 74. Kg6 {[%emt 0:01:20]} Qe4+ {[%emt 0:00:04]} 75. Kf7 {[%emt 0:00:23]} Qd5+ {[%emt 0:00:09]} 76. Kg6 {[%emt 0:00:05]} Qe4+ {[%emt 0:00:04]} 1/2-1/2

[Event "Netanya International GM 2019"]
[Site "Netanya"]
[Date "2019.06.24"]
[Round "2.1"]
[White "McShane, Luke J"]
[Black "Eljanov, Pavel"]
[Result "1-0"]
[WhiteElo "2688"]
[BlackElo "2655"]
[Annotator "TA"]
[PlyCount "133"]
[EventDate "2019.06.23"]
[EventType "tourn"]
[EventCountry "ISR"]
[SourceTitle "playchess.com"]
[Source "ChessBase"]
[SourceQuality "1"]

{[%evp 19,133,0,0,-18,-10,-20,14,10,8,13,22,14,25,9,18,0,73,60,75,82,79,48,43,36,54,40,58,45,142,160,154,147,127,145,177,170,147,0,31,38,54,8,21,21,16,0,6,2,56,56,58,55,62,55,117,71,69,0,53,41,57,8,8,8,8,10,19,8,8,8,8,8,8,8,8,8,8,8,8,8,8,8,8,0,0,0,0,0,0,0,0,0,0,0,8,8,8,8,8,8,8,26,5911,4989,5577,5385,2169,2185,29973,29975,29978,29978,29975,29975,29983,29979]} 1. c4 Nf6 2. g3 e6 3. Bg2 d5 4. Nf3 Be7 5. O-O O-O 6. b3 d4 7. e3 c5 8. exd4 cxd4 9. Re1 Nc6 10. Bb2 Re8 11. Ne5 {A14: English Opening: 1...e6 with b3 by White} Nxe5 12. Rxe5 Bd6 13. Bxd4 {The position is equal.} Bxe5 14. Bxe5 Nd7 15. Bb2 e5 {[#]} 16. Na3 $146 {[%cal Bb1a3,Ba3c2,Bc2e3][%mdl 32]} ({Predecessor:} 16. Nc3 Nf6 17. Nd5 Rb8 18. Nxf6+ Qxf6 {½-½ (42) Oparin,G (2626)-Kryvoruchko,Y (2693) Monzon 2016}) 16... Nf6 17. d4 e4 (17... exd4 $11 {keeps the balance.} 18. Qxd4 Qxd4 19. Bxd4 a6) 18. Nc2 {[%mdl 1024] White has strong compensation.} Bg4 19. Qd2 Bf3 20. Bf1 Ng4 21. d5 Qd6 22. Bd4 Qg6 23. Ne3 Nxh2 (23... Red8 $14) 24. Kxh2 $16 Qh6+ 25. Bh3 Bg4 26. Rh1 Bxh3 27. Kg1 f5 28. Qe1 ({Only move:} 28. Qc3 $1 $16) 28... Rf8 {aiming for ...f4.} 29. Ng2 f4 $1 {[%cal Rf4g3]} 30. gxf4 {Threatens to win with Qe3.} Rf5 31. Qxe4 Rh5 32. Ne3 Rf8 $132 {[%mdl 2048] Black puts up resistance} 33. Be5 Bf5 (33... Re8 $11 34. Rh2 Rh4) 34. Rxh5 $14 Qxh5 35. Qg2 {[%csl Ge5][%cal Rg2g7]} Rf7 36. c5 h6 (36... Bh3 $14 37. Qg3 Bd7) 37. b4 Bh3 38. Qg3 ({Better is} 38. Qe4 $14) 38... Bd7 (38... g5 $1 $11) 39. f3 Kh7 40. Kf2 Qh1 41. Qg1 Qxg1+ 42. Kxg1 $11 {[%mdl 4096] Endgame KRB-KBN} g5 $1 43. Nc2 gxf4 {Strongly threatening ...Rf5.} 44. Nd4 a6 45. c6 bxc6 46. dxc6 Bc8 $1 47. Kf2 h5 48. a4 h4 49. b5 axb5 50. axb5 Ra7 $1 51. Bxf4 Ra2+ 52. Ke3 h3 53. Ke4 h2 54. Bxh2 $1 Rxh2 55. Kd5 Kg6 56. Kc5 Kf6 57. b6 {Black must now prevent b7.} Rb2 58. Nb5 {Hoping for b7.} Ba6 59. Nc7 Rc2+ 60. Kd6 Rd2+ $2 {[%mdl 8192]} (60... Rb2 $11) 61. Nd5+ $18 Kf5 62. b7 Rb2 {[#]} 63. Kc7 $1 Bxb7 64. cxb7 {White mates.} Rc2+ 65. Kd6 Rb2 {[#]} 66. Kc6 $1 Ke6 67. Nc7+ {Accuracy: White = 64%, Black = 59%.} 1-0

[Event "Netanya International GM 2019"]
[Site "Netanya"]
[Date "2019.06.24"]
[Round "2.2"]
[White "Postny, Evgeny"]
[Black "Nabaty, Tamir"]
[Result "0-1"]
[WhiteElo "2601"]
[BlackElo "2678"]
[Annotator "TA"]
[PlyCount "98"]
[EventDate "2019.06.23"]
[EventType "tourn"]
[EventCountry "ISR"]
[SourceTitle "playchess.com"]
[Source "ChessBase"]
[SourceQuality "1"]

{[%evp 9,98,16,36,27,33,30,30,33,33,23,33,31,53,20,32,23,55,40,28,8,50,12,12,2,6,2,9,5,3,0,0,0,0,-9,0,0,0,0,0,0,8,0,0,-15,-10,-17,-4,-80,-85,-85,-7,-42,0,-167,-164,-190,-203,-256,-161,-147,-127,-218,-211,-256,-262,-465,-536,-539,-517,-516,-499,-500,-514,-546,-518,-474,-425,-804,-641,-804,-770,-29991,-29992,-29995,-29996,-29996,-29993,-29993,-29994,-29994,-29995]} 1. d4 d5 2. c4 e6 3. Nc3 a6 4. cxd5 exd5 5. Bf4 $146 (5. Nf3 h6 6. Bf4 Nf6 7. e3 Bd6 8. Bxd6 Qxd6 9. Qc2 O-O 10. Bd3 Re8 11. h3 Be6 12. O-O Nbd7 13. a4 {½-½ (40) Shankland,S (2725)-Carlsen,M (2835) Wijk aan Zee 2019}) 5... Be6 6. e3 {D31: Queen's Gambit Declined: Semi-Slav without ...Nf6 (+ Marshall Gambit and Noteboom) and Exchange Variation lines without ...Nf6} Bd6 7. Nge2 Nf6 8. Bxd6 {White has an edge.} Qxd6 9. Nf4 Nc6 10. Be2 Bf5 11. O-O O-O 12. Rc1 Rfd8 13. Bf3 {aiming for Ncxd5.} Ne7 14. a3 g6 15. Nd3 (15. g4 $5 {[%cal Rg4f5]} Be6 16. Re1 $14) 15... Bxd3 16. Qxd3 c6 17. Na4 Nf5 18. Nc5 Qe7 19. Qb3 Nd6 20. Rfe1 Re8 21. Nd3 a5 22. Qc2 Kg7 23. g3 Nd7 24. Bg2 f5 25. a4 g5 26. f4 g4 27. Ne5 Nf6 28. h3 (28. Rb1 $11) 28... gxh3 $17 29. Bxh3 {[#]} Nfe4 (29... Qe6 $1 $17) 30. Qh2 Rg8 {...Kh8 is the strong threat.} 31. Re2 $2 {[#]} (31. g4 $1 $11 {and White has nothing to worry.}) 31... Nxg3 $1 {[%mdl 512]} 32. Rg2 (32. Qxg3+ Kh8) 32... Kh8 33. Bg4 Nge4 34. Bf3 Rxg2+ 35. Bxg2 (35. Kxg2 $17 Rg8+ 36. Kf1) 35... Rg8 $19 36. Rc2 {[#]} Nc4 $1 {[%mdl 512]} 37. Qh3 $2 (37. Nxc4 {is the only way for White.} dxc4 38. Kf1) 37... Rg3 38. Qxf5 Nxe3 39. Qc8+ Kg7 40. Re2 {intending Rxe3!} Nd6 ({Inferior is} 40... Nxg2 41. Rxg2 Rxg2+ 42. Kxg2 $11) 41. Qb8 Ndf5 42. Nf3 Kh6 {White must now prevent ...Qg7!} ({Less strong is} 42... Rxg2+ 43. Rxg2+ Nxg2 44. Kxg2 $19) 43. Qc8 (43. Qe5 $142 Qg7 44. Qxg7+ Kxg7 45. Ne5) 43... Qf6 44. Kh1 Qf7 {( -> ...Qh5+)} ({Don't go for} 44... Nxg2 $2 {[#]} 45. Re6 $1 $18 {[%mdl 512]}) 45. Ng5 Qh5+ {[%mdl 64] Double Attack. Black mates.} 46. Bh3 Rxh3+ 47. Nxh3 Qxe2 {[%csl Ge3][%cal Re2g2]} 48. Qf8+ {[#]} Kh5 $1 {[%csl Ge3][%cal Re2g2]} 49. Qf7+ {[#]} Kg4 $1 {Accuracy: White = 43%, Black = 62%.} 0-1

[Event "Netanya International GM 2019"]
[Site "Netanya"]
[Date "2019.06.24"]
[Round "2.3"]
[White "Dubov, Daniil"]
[Black "Smirin, Ilia"]
[Result "1/2-1/2"]
[WhiteElo "2700"]
[BlackElo "2594"]
[Annotator "TA"]
[PlyCount "93"]
[EventDate "2019.06.23"]
[EventType "tourn"]
[EventCountry "ISR"]
[SourceTitle "playchess.com"]
[Source "ChessBase"]
[SourceQuality "1"]

{[%evp 11,93,-14,30,0,0,4,38,28,33,13,29,13,12,33,29,-86,-73,-76,-68,-77,-64,-103,-81,-154,-51,-32,0,0,0,0,0,0,34,18,52,0,16,14,21,0,0,0,47,54,114,0,0,-8,-10,-83,-18,-47,0,0,0,-10,0,0,0,-21,0,0,0,0,0,0,0,0,0,0,75,70,75,58,161,156,137,0,8,0,0,0,0,0]} 1. e4 e5 2. Nf3 Nc6 3. d4 exd4 4. Nxd4 Bc5 5. Nb3 Bb6 6. Nc3 Nge7 (6... Nf6 {looks sharper.} 7. Bd3 O-O 8. O-O Re8 9. Bg5 h6) 7. Qe2 {C45: Scotch Game} (7. Bg5 f6 8. Bh4 a5 9. Bb5 Ne5 10. f4 N5g6 11. Bg3 c6 12. Bc4 Bc7 13. Qf3 b5 14. Bd3 a4 {1-0 (37) Amin,B (2709)-Grandelius,N (2694) Astana 2019}) 7... O-O 8. Be3 d6 9. O-O-O {White is slightly better.} f5 10. f4 fxe4 11. Nxe4 Bf5 $146 ({Predecessor:} 11... Bg4 12. Qxg4 Bxe3+ 13. Kb1 Bxf4 14. Nec5 Ne5 15. Qe6+ {1-0 (34) Tseshkovsky,V (2549)-Butnorius,A (2437) Thessaloniki 2010}) 12. Bxb6 axb6 13. g4 (13. Nc3 $1 $11) 13... Bd7 $17 14. f5 Rxa2 15. Bg2 Ne5 16. Rdf1 N7c6 17. f6 (17. Nc3 $142 Ra7 18. Rf4) 17... Na5 (17... gxf6 $17 {White must now prevent ...Ra8.} 18. g5 fxg5) 18. Kb1 $15 {Threatens to win with fxg7.} Ra4 {[%cal Rg7f6]} 19. fxg7 Kxg7 20. Rxf8 Qxf8 21. Rf1 Qe7 (21... Qa8 $5 {[%cal Ra5b3]}) 22. Nf6 Be6 23. Qe3 (23. Bd5 $1 $14) 23... Nxb3 (23... Nxg4 $6 24. Nxg4 Nxb3 25. Qc3+ Nd4 26. b3 $16) 24. cxb3 Ra8 25. Be4 Rf8 ({Of course not} 25... Kh8 $6 26. Nxh7 Bxg4 27. Nf6 $18) 26. g5 Kh8 27. Rf4 {And now Rh4 would win.} Nd7 ({Black should try} 27... Ng6 $14 28. Rf2 Bg8) 28. Qd4 ({Only move:} 28. Rh4 $16 Rf7 29. Nxh7 (29. Bxh7 Nxf6 30. Bd3+ Kg8 $14)) 28... c5 $11 29. Qc3 {Threatening mate with Nxd7+.} Qg7 $1 30. Bxb7 (30. Kc2 $11 {keeps the balance.} Rf7 31. Nh5) 30... Nxf6 (30... Ne5 $17 31. Nh5 Qg8 32. Rxf8 Qxf8) 31. gxf6 Qf7 32. Be4 d5 33. Bd3 {Strongly threatening Qe5.} d4 34. Qe1 Re8 ({Don't blunder} 34... Bxb3 $2 35. Rh4 $1 $18 {[%mdl 512]}) 35. Qf1 Qh5 36. Bc4 {aiming for Bxe6.} Bxc4 (36... Bf7 {seems wilder.} 37. Bxf7 Qxf7 38. Rf5 Rf8 39. Qf3 Qg6) 37. bxc4 {[%mdl 4096] Endgame KQR-KQR} Qg6+ 38. Kc1 Rf8 39. h4 Rf7 40. Qf3 h6 {[#]} (40... Rf8 $11) 41. h5 $1 $16 {[%cal Rh5g6]} Qg1+ 42. Kc2 {Hoping for Rg4.} Rf8 (42... Qa1 $14) 43. f7 $18 Qh2+ {[#]} 44. Kb1 (44. Kb3 $1 $16 Qd2 45. Rf6) 44... d3 {The position is equal.} 45. Rg4 Qc2+ 46. Ka2 {White threatens Qf6+! and mate.} Qa4+ 47. Kb1 {Accuracy: White = 45%, Black = 42%.} 1/2-1/2

[Event "Netanya International GM 2019"]
[Site "Netanya"]
[Date "2019.06.24"]
[Round "2.4"]
[White "Gelfand, Boris"]
[Black "Svidler, Peter"]
[Result "1/2-1/2"]
[WhiteElo "2676"]
[BlackElo "2737"]
[Annotator "TA"]
[PlyCount "51"]
[EventDate "2019.06.23"]
[EventType "tourn"]
[EventCountry "ISR"]
[SourceTitle "playchess.com"]
[Source "ChessBase"]
[SourceQuality "1"]

{[%evp 9,51,12,29,10,10,2,23,28,21,45,26,7,16,5,22,10,35,35,39,37,35,39,39,37,38,38,34,30,39,25,52,8,57,71,71,69,60,22,25,33,27,0,0,0]} 1. Nf3 Nf6 2. c4 g6 3. Nc3 d5 4. cxd5 Nxd5 5. Qc2 (5. Qb3 Nb6 6. d4 Bg7 7. Bf4 O-O 8. Rd1 c6 9. e4 Bg4 10. Be2 Bxf3 11. Bxf3 Bxd4 12. Ne2 c5 13. e5 Nc6 14. e6 f5 15. h4 Qc8 16. Bxc6 Qxc6 17. Nxd4 cxd4 {1-0 (42) Maghsoodloo,P (2666)-Safarli,E (2681) Bandar e Anzali 2019}) 5... Nc6 6. Qb3 {A16: English Opening: 1...Nf6 with ...d5} Nb6 7. d4 Bg7 (7... Be6 {is interesting.} 8. Qd1 Bg7 9. e3 O-O 10. Bb5 Bg4) 8. d5 {White has an edge.} Ne5 9. Nxe5 Bxe5 10. g3 $146 ({Predecessor:} 10. Bh6 Qd6 11. e3 Bd7 12. O-O-O f5 13. f4 Bxc3 14. Qxc3 {1-0 (42) Olszewski,M (2227)-Zaslavsky,M (2112) Budva 2003}) 10... O-O 11. Bh6 Re8 12. Rd1 Qd6 13. Ne4 Qd7 14. Bg2 Qa4 15. Qxa4 Nxa4 16. b3 $1 {[%cal Rb3a4]} Nc3 17. Nxc3 Bxc3+ 18. Bd2 Be5 19. Rc1 e6 20. Bc3 (20. Bf4 {keeps more tension.} Bxf4 21. gxf4 exd5 22. Rxc7 Bg4 23. e3) 20... exd5 21. Bxe5 Rxe5 22. Rxc7 d4 23. Bxb7 (23. f4 $5 {[%cal Rf4e5]} Ra5 24. a4 $14 (24. Bxb7 Bxb7 25. Rxb7 Rxa2 $15)) 23... Bxb7 24. Rxb7 Rae8 25. O-O Ra5 26. a4 {Accuracy: White = 71%, Black = 63%.} 1/2-1/2

[Event "Netanya International GM 2019"]
[Site "Netanya"]
[Date "2019.06.24"]
[Round "2.5"]
[White "Dominguez Perez, Leinier"]
[Black "Rodshtein, Maxim"]
[Result "1-0"]
[WhiteElo "2760"]
[BlackElo "2685"]
[Annotator "TA"]
[PlyCount "57"]
[EventDate "2019.06.23"]
[EventType "tourn"]
[EventCountry "ISR"]
[SourceTitle "playchess.com"]
[Source "ChessBase"]
[SourceQuality "1"]

{[%evp 9,57,20,16,15,17,5,11,0,0,-16,28,28,30,30,22,18,19,31,12,25,21,0,29,14,39,35,55,25,88,82,95,80,81,82,72,72,72,89,81,85,150,146,244,242,233,224,454,492,586,586]} 1. e4 e5 2. Nf3 Nc6 3. Bb5 Nf6 4. d3 Bc5 5. Bxc6 dxc6 6. Nbd2 {[%cal Bb1d2,Bd2c4,Bc4e5][%mdl 32] C65: Ruy Lopez: Berlin Defence (3...Nf6), unusual lines and 4 0-0 Bc5} O-O 7. Qe2 Re8 8. Nc4 {The position is equal.} Nd7 9. Rg1 Nf8 $146 ({Predecessor:} 9... Bb4+ 10. Bd2 Bxd2+ 11. Qxd2 Qf6 12. h4 c5 13. O-O-O b5 {½-½ (36) Giri,A (2762)-Jakovenko,D (2721) Palma de Mallorca 2017}) 10. Ncxe5 Be6 11. Be3 Bxe3 12. Qxe3 f6 13. Nc4 Bxc4 $1 14. dxc4 Qd6 15. c5 (15. Nd2 {keeps more tension.} Qxh2 16. O-O-O Qd6 17. Rge1 Ne6 18. Nf3) 15... Qe6 (15... Qe7 {looks sharper.} 16. O-O-O Qxe4 17. Qb3+ Qe6 18. Qa4 Qe4) 16. Nd2 f5 {[%cal Rf5e4]} 17. f3 Nd7 18. O-O-O Nf6 (18... Qxa2 $11 19. Qb3+ Qxb3 20. Nxb3 Re7) 19. Kb1 $16 Rad8 20. Qf4 fxe4 21. Nxe4 Rxd1+ 22. Rxd1 Nxe4 23. fxe4 Qxe4 24. Qxc7 Qxg2 (24... Qd5 $142 25. Rf1 Qc4) 25. Qxb7 {KQR-KQR} Qd2 (25... Qd5 $16 26. Qb3 Qxb3 27. cxb3 (27. axb3 Kf7 $16) 27... Kf7) 26. Qb3+ $40 {[%mdl 128] Black is in trouble.} (26. Rxd2 $2 Re1+ 27. Rd1 Rxd1#) 26... Kh8 {[%cal Rd2d1] [#]} 27. Qf3 (27. Rxd2 $2 {is a self mate.} Re1+ 28. Rd1 Rxd1#) 27... Qxh2 $2 (27... Qh6 28. Qf7 Rg8 29. Qxa7 Qxh2) 28. Qxc6 {[%cal Rc6e8]} Qe2 {[%cal Re2d1]} 29. Qd7 {Accuracy: White = 71%, Black = 44%.} 1-0